Voces : Diálogo Misionero Contemporáneo : año 17 : número 34 : 2010 : El análisis narrativo en la teología contemporánea /

Gespeichert in:
Bibliographische Detailangaben
Weitere Verfasser: Espinosa González, Sergio-César (idea original) (idea original), González Martínez, Javier (dirección) (dirección), Franco Barba, José Luis (edición) (edición)
Format: Buch
Sprache:Spanisch
Veröffentlicht: México : Universidad Intercontinental, 2011
Schriftenreihe:(Voces: Diálogo Misionero Contemporáneo ; 34)
Schlagworte:
Tags: Tag hinzufügen
Keine Tags, Fügen Sie das erste Tag hinzu!

MARC

LEADER 00000nam^a2200000^a^4500
001 000617779
005 20251015000000.0
009 20260310133747.402
022 |a 1870-784X 
025 |a Donación Juan Lafarga Corona, 2 ejemplares 
037 |a Acervo Xavier Clavigero 
041 |a ESP 
091 |a FLC. 00849 
240 1 1 |a [Voces: Diálogo Misionero Contemporáneo] 
245 1 0 |a Voces :  |b Diálogo Misionero Contemporáneo : año 17 : número 34 : 2010 : El análisis narrativo en la teología contemporánea /  |c Fundador S.C. Espinosa González ; dir. de J. González Martínez ; ed. responsable J.L. Franco Barba. 
264 1 |a México :  |b Universidad Intercontinental,  |c 2011 
300 |a 165 p. 
336 |a texto  |b txt  |2 rdacontenido 
337 |a sin mediación  |b n  |2 rdamedio 
338 |a volumen  |b nc  |2 rdasoporte 
440 1 |a (Voces: Diálogo Misionero Contemporáneo ;  |v 34) 
561 |a Ex libris Biblioteca Dr. Juan Lafarga Corona, ejemplar 1 
561 |a Ex libris del INIDH Instituto Nacional de Investigación en Desarrollo Humano, ejemplar 1 
649 |a XX 
650 |a Teología -  |x Publicaciones Periódicas Mexicanas 
650 |a Teología -  |x Publicaciones Periódicas -  |x Tema Principal 
650 |a Catolicismo -  |x Publicaciones Periódicas Mexicanas 
650 |a Catolicismo -  |x Publicaciones Periódicas -  |x Tema Principal 
650 |a Cristianismo -  |x Publicaciones Periódicas Mexicanas 
650 |a Cristianismo -  |x Publicaciones Periódicas 
650 |a Religión -  |x Publicaciones Periódicas Mexicanas 
650 |a Religión -  |x Publicaciones Periódicas 
650 |a Publicaciones Periódicas Mexicanas 
650 |a Publicaciones Periódicas 
700 |a Espinosa González, Sergio-César  |e (idea original) 
700 |a González Martínez, Javier  |e (dirección) 
700 |a Franco Barba, José Luis  |e (edición) 
740 3 |a El análisis narrativo en la teología contemporánea /  |c Fundador S.C. Espinosa González ; dir. de J. González Martínez ; ed. responsable J.L. Franco Barba. 
910 |a Fondo Juan Lafarga Corona S.J. 
920 |a Impresos - Libros 
930 |a Fondos Especiales 
905 |a 145 
901 |a 617779-10  |b IT2  |c ESL  |i D  |u 20250715 
901 |a 617779-20  |b IT2  |c ESL  |i D  |u 20250715 
902 |a https://opac.biblio.iteso.mx/vufind/Record/000617779